000 00640nam a2200229Ia 4500
003 OSt
005 20220925231709.0
006 a|||||r|||| 00| 0
007 ta
008 220923b |||||||| |||| 00| 0 eng d
020 _a0719017556
037 _cGeneral Book
040 _aRTL
_cRTL
_beng
041 _2eng
_aeng
082 _aX:31-8F, M4
100 _aTinker Tony Ed.
_9295907
245 0 _aSocial accounting for corporations
_b Private enterp
260 _aManchester
_bUniversity Press
_c1984
300 _a208p
_ccm.
942 _hX:31-8F, M4
_cGB
_2CC
999 _c589180
_d589180